| 000 | 00771nam a2200241 a 4500 | ||
|---|---|---|---|
| 001 | BRCA_7636 | ||
| 005 | 20190320205925.0 | ||
| 008 | 090713s1956----mx-a######---#000-0#spa-# | ||
| 041 | _aspa | ||
| 044 | _amx | ||
| 050 | 4 |
_aNA5075 _b.M39 1956 |
|
| 100 | 1 |
_aMaza, Francisco de la _918838 |
|
| 245 | 1 | 0 |
_aArquitectura de los coros de monjas en México _cFrancisco de la Maza. |
| 260 |
_aMéxico _bUNAM, Instituto de Investigaciones Estéticas _c1956 |
||
| 300 |
_a115 p. _bil., 90 láminas _c23 cm. |
||
| 440 | 0 |
_aEstudios y fuentes del arte en México _v6 _918839 |
|
| 500 | _aT55 | ||
| 610 | 2 | 4 |
_aUNAM _bInstituto de Investigaciones Estéticas _zMéxico _918840 |
| 650 | 1 | 4 |
_aSillerías de coro _918841 |
| 650 | 1 | 4 |
_aMonjas _xArte _918842 |
| 902 | _aGFM | ||
| 942 |
_2lcc _cB |
||
| 999 |
_c7310 _d7310 |
||